Εισαγωγή στην Ανάλυση Δεδομένων / Ποσοτικές, Ποιοτικές και Μεικτές Μέθοδοι (Record no. 9662)
[ view plain ]
| 000 -LEADER | |
|---|---|
| fixed length control field | 01713cam a22002054a 4500 |
| 005 - ΗΜΕΡΟΜΗΝΙΑ ΚΑΙ ΩΡΑ ΤΕΛΕΥΤΑΙΑΣ ΕΝΗΜΕΡΩΣΗΣ | |
| Πεδίο ελέγχου | 20250605164406.0 |
| 008 - FIXED-LENGTH DATA ELEMENTS--GENERAL INFORMATION | |
| Πεδίο ελέγχου σταθερού μήκους | 250528s ||||||||||||||||||||||||d |
| 035 ## - SYSTEM CONTROL NUMBER | |
| System control number | 24817 |
| 040 ## - ΠΗΓΗ ΚΑΤΑΛΟΓΟΓΡΑΦΗΣΗΣ | |
| Φορέας πρωτότυπης καταλογογράφησης | MC Athens Campus Library |
| Γλώσσα καταλογογράφησης | Ελληνικά, Μοντέρνα (1453-) |
| Modifying agency | MC Athens Campus Library |
| Κανόνες περιγραφικής καταλογογράφησης | AACR2 |
| 245 1# - ΤΙΤΛΟΣ ΚΑΙ ΔΗΛΩΣΗ ΥΠΕΥΘΥΝΟΤΗΤΑΣ | |
| Τίτλος | Εισαγωγή στην Ανάλυση Δεδομένων / Ποσοτικές, Ποιοτικές και Μεικτές Μέθοδοι |
| 260 ## - PUBLICATION, DISTRIBUTION, ETC. | |
| Name of publisher, distributor, etc. | Gutenberg, |
| Date of publication, distribution, etc. | 2021 |
| 300 ## - PHYSICAL DESCRIPTION | |
| Extent | 464 |
| 520 ## - SUMMARY, ETC. | |
| Summary, etc. | Εισαγωγή, Εισαγωγή στα Δεδομένα, Πώς να Σκεφτόμαστε σαν Αναλυτές Δεδομένων, Εύρεση και Συλλογή και Οργάνωση Δεδομένων, Εισαγωγή στην Ανάλυση Ποσοτικών Δεδομένων, Εφαρμογές της Ανάλυσης Ποσοτικών Δεδομένων: Συσχετίσεις και Έλεγχοι t και Έλεγχοι x2, Εισαγωγή στην Ανάλυση Ποιοτικών Δεδομένων, Εφαρμογή της Ανάλυσης Ποιοτικών Δεδομένων, Εισαγωγή στις Μεικτές Μεθόδους: Πώς Συνδυάζουμε τις Μεθόδους Ανάλυσης Ποσοτικών και Ποιοτικών Δεδομένων, Δημοσιοποιηση των Ευρημάτων και Οπτικοποίηση των Δεδομένων, Επίλογος: Πώς να Γίνετε Αναλυτές Δεδομένων, Γλωσσάρι, Βιβλιογραφία, Ευρετήριο. |
| 700 1# - ΠΡΟΣΘΕΤΗ ΑΝΑΓΡΑΦΗ--ΦΥΣΙΚΟ ΠΡΟΣΩΠΟ | |
| Personal name | Bergin Tiffany |
| 9 (RLIN) | 9547 |
| 700 1# - ΠΡΟΣΘΕΤΗ ΑΝΑΓΡΑΦΗ--ΦΥΣΙΚΟ ΠΡΟΣΩΠΟ | |
| Personal name | Αϊδίνης Αθανάσιος |
| 9 (RLIN) | 9548 |
| 700 1# - ΠΡΟΣΘΕΤΗ ΑΝΑΓΡΑΦΗ--ΦΥΣΙΚΟ ΠΡΟΣΩΠΟ | |
| Personal name | Μπικουβαράκης Ανδρέας |
| 9 (RLIN) | 9549 |
| 942 ## - ADDED ENTRY ELEMENTS (KOHA) | |
| Koha item type | Books |
| Τύπος τεκμηρίου | Βιβλιοθήκη | Τρέχουσα τοποθεσία | Barcode | Αριθμός εισαγωγής | Ημερομηνία απόκτησης | Ταξιθετικό σύμβολο | Αριθμός αντιτύπου | Κατάσταση απόσυρσης | Κατάσταση χαμένου | Κατάσταση κατεστραμμένου | Μη δανεισμός | Σύνολο δανεισμών | Ημερομηνία τελευταίας εμφάνισης | Η τιμή ισχύει από |
|---|---|---|---|---|---|---|---|---|---|---|---|---|---|---|
| Books | MC Athens Campus Library | MC Athens Campus Library | 9780000096616 | 7759 | 05/06/2025 | 519.5 BER | 1 | 05/06/2025 | 05/06/2025 |